000
00278nam a22001097a 4500
999
_c
168117
_d
168117
082
_a
_b
100
_a
Nashooram Rator
245
_a
Hindi ramkavya ke pathrom ka thulanatmak aadhyayan/
_c
by Nashooram Rator.
260
_a
Mathura:
_b
Jawahar,
_c
2007.
650
_a
942
_c
BK